Экспериментальная космическая станция на орбите 14-18 января 1969 года

Podrobná bibliografie
Hlavní autor: Каманин Н. П. Николай Петрович
Další autoři: Ребров М. Ф. Михаил Федорович
Shrnutí:О полете космических кораблей "Союз-4" и "Союз-5", их стыковке, о создании первой в мире экспериментальной космической станции (ЭКС), о летчиках-космонавтах
Jazyk:ruština
Vydáno: Москва, Молодая гвардия, 1969
Témata:
Médium: MixedMaterials Kniha
KOHA link:https://koha.lib.tpu.ru/cgi-bin/koha/opac-detail.pl?biblionumber=193631

MARC

LEADER 00000nam0a2200000 4500
001 193631
005 20231031182015.0
035 |a (RuTPU)RU\TPU\book\211175 
090 |a 193631 
100 |a 20110324d1969 m y0rusy50 ca 
101 0 |a rus 
102 |a RU 
105 |a ac z 000zy 
200 1 |a Экспериментальная космическая станция на орбите 14-18 января 1969 года  |f Н. П. Каманин, М. Ф. Ребров 
210 |a Москва  |c Молодая гвардия  |d 1969 
215 |a 88 с.  |c ил. 
300 |a О полете космических кораблей "Союз-4" и "Союз-5", их стыковке, о создании первой в мире экспериментальной космической станции (ЭКС), о летчиках-космонавтах 
610 1 |a космос 
610 1 |a космические станции 
610 1 |a экспериментальная аппаратура 
610 1 |a космические корабли 
610 1 |a спутники 
610 1 |a космонавты 
610 1 |a полеты 
610 1 |a СССР 
675 |a 629.19(092)  |v 3 
700 1 |a Каманин  |b Н. П.  |g Николай Петрович 
701 1 |a Ребров  |b М. Ф.  |g Михаил Федорович 
801 1 |a RU  |b 63413507  |c 20110324 
801 2 |a RU  |b 63413507  |c 20110426  |g RCR 
942 |c BK